Belajar tajwid Al Qur'anul Karim : (Record no. 825)

000 -LEADER
fixed length control field nam a22 a 4500
003 - CONTROL NUMBER IDENTIFIER
control field AKMAL
005 - DATE AND TIME OF LATEST TRANSACTION
control field 20170505141251.0
008 - FIXED-LENGTH DATA ELEMENTS--GENERAL INFORMATION
fixed length control field 170505s1996 my 00 may d
020 ## - INTERNATIONAL STANDARD BOOK NUMBER
International Standard Book Number 9839188623 (jil. 1 : kkt.):
Terms of availability RM 7.50
040 ## - CATALOGING SOURCE
Original cataloging agency AKMAL
082 04 - DEWEY DECIMAL CLASSIFICATION NUMBER
Classification number 297.122 BEL
090 ## - LOCALLY ASSIGNED LC-TYPE CALL NUMBER (OCLC); LOCAL CALL NUMBER (RLIN)
Classification number (OCLC) (R) ; Classification number, CALL (RLIN) (NR) 297.122
Local cutter number (OCLC) ; Book number/undivided call number, CALL (RLIN) BEL
245 00 - TITLE STATEMENT
Title Belajar tajwid Al Qur'anul Karim :
Remainder of title cara mudah dan tepat (edisi lengkap Resam Uthmani) /
Statement of responsibility, etc. penyusun Mahadi bin Haji Dahlan Al Hafiz
260 ## - PUBLICATION, DISTRIBUTION, ETC.
Place of publication, distribution, etc. Kuala Lumpur :
Name of publisher, distributor, etc. Al-Hidayah Publisher,
Date of publication, distribution, etc. 1996
300 ## - PHYSICAL DESCRIPTION
Extent 2 jil. ;
Dimensions 24cm
500 ## - GENERAL NOTE
General note Mengandungi ayat-ayat dari al-Quran
650 ## - SUBJECT ADDED ENTRY--TOPICAL TERM
Topical term or geographic name entry element Koran
General subdivision Readings
9 (RLIN) 1795
700 0# - ADDED ENTRY--PERSONAL NAME
Personal name Mahadi Dahlan,
Dates associated with a name 1964-
9 (RLIN) 1787
942 ## - ADDED ENTRY ELEMENTS (KOHA)
Source of classification or shelving scheme
Koha item type Book
Holdings
Withdrawn status Lost status Source of classification or shelving scheme Damaged status Not for loan Collection code Home library Current library Shelving location Date acquired Inventory number Total Checkouts Full call number Barcode Date last seen Price effective from Koha item type
          NON-FICTION AKMAL Melaka AKMAL Melaka PINJAMAN 05.05.2017 200763   297.122 BEL 201701773 05.05.2017 05.05.2017 Book
Pusat Sumber Maklumat Dato' Haji Sarmin Md Hussin, Akademi Kastam Diraja Malaysia, Melaka
Tel: 06-2331106 | Faks: 06-2313787